| 000 | 004380000a22001690004500 | ||
|---|---|---|---|
| 003 | MACL | ||
| 005 | 20151230151151.0 | ||
| 008 | 151230b xxu||||| |||| 00| 0 eng d | ||
| 040 |
_aMACL _cMACL |
||
| 041 | _aEnglish | ||
| 082 | _a320.4/MUN | ||
| 100 |
_aMunro, William Bennett _924941 |
||
| 245 | _aThe Government of Europe | ||
| 260 |
_bThe Macmillan Company _c1959 |
||
| 650 |
_aPolitical Science _925039 |
||
| 942 |
_cBK _k320.4/MUN _2ddc |
||
| 999 |
_c35568 _d35568 |
||